000
00197nam a2200109Ia 4500
100
_a
COLEMAN/SIMON.
942
_c
BK
245
_a
PILGRIMAGE.
260
_b
#N/A
546
_a
ENGLISH
999
_c
27193
_d
27193